00567nam a2200193Ia 450000500170000000800410001702000150005808200130007310000140008624500780010026000280017830000170020665000110022365000110023465000120024594200060025795200950026399900150035820241008011840.0240331s9999 xx 000 0 und d a0415082226 bINGa820 aIngham, P 4aThe language of gender and class :btransformation in the Victorian novel aLondonbRoutledgec1996 aix, 197 p ., aSocial aGender aHistory cL 001040708LaWERCLbWERCLcSSCd2024-03-31l0o 820 INGp5370r2024-03-31w2024-03-31yL c3164d3164